[Event "24th Dubai Open A 2024"]
[Site "Dubai UAE"]
[Date "2024.05.26"]
[Round "2.29"]
[White "Manon, Reja Neer"]
[Black "Mammadova, Gulnar"]
[Result "0-1"]
[WhiteTitle "FM"]
[BlackTitle "IM"]
[WhiteElo "2423"]
[BlackElo "2359"]
[WhiteFideId "10224009"]
[BlackFideId "13403508"]
[EventDate "2024.05.25"]

1. e4 e5 2. Nf3 Nc6 3. Bb5 a6 4. Ba4 Nf6 5. O-O Be7 6. Re1 b5 7. Bb3 O-O 8. c3
d5 9. exd5 Nxd5 10. Nxe5 Nxe5 11. Rxe5 c6 12. Re1 Bd6 13. d4 Qh4 14. g3 Qh3 15.
Re4 g5 16. Qf1 Qh5 17. Nd2 f5 18. Re1 f4 19. Ne4 Bh3 20. Qd3 Rae8 21. Bxf4 Bxf4
22. gxf4 gxf4 23. Kh1 Kh8 24. Rg1 f3 25. Bxd5 Bg2+ 26. Rxg2 fxg2+ 27. Kxg2 cxd5
28. Ng3 Rxf2+ 29. Kxf2 Qxh2+ 30. Kf3 Rg8 31. Kf4 Qh4+ 32. Ke5 Qe7+ 33. Kf5 Qf7+
34. Ke5 Re8+ 35. Kd6 Re6+ 0-1

[Event "24th Dubai Open A 2024"]
[Site "Dubai UAE"]
[Date "2024.05.26"]
[Round "2.30"]
[White "Beydullayeva, Govhar"]
[Black "Mendes Aaron Reeve"]
[Result "1/2-1/2"]
[WhiteTitle "WGM"]
[BlackTitle "FM"]
[WhiteElo "2411"]
[BlackElo "2306"]
[WhiteFideId "13413015"]
[BlackFideId "25954938"]
[EventDate "2024.05.25"]

1. d4 Nf6 2. c4 e6 3. Nf3 Bb4+ 4. Nbd2 b6 5. a3 Bxd2+ 6. Qxd2 Bb7 7. e3 O-O 8.
Be2 d5 9. O-O dxc4 10. Bxc4 Nbd7 11. b4 a5 12. b5 c5 13. bxc6 Bxc6 14. Qe2 Qc7
15. Bb2 Qb7 16. Rfc1 b5 17. Bd3 Rfc8 18. Nd2 Nd5 19. Ne4 Qb8 20. Qh5 h6 21. Nc5
b4 22. Qg4 N5f6 23. Qh4 bxa3 24. Bxa3 Nxc5 25. dxc5 Qe5 26. Qg3 Qxg3 27. hxg3
Rab8 28. Rab1 Nd7 29. Be2 a4 30. Kf1 Rb3 31. Ra1 Ne5 32. Rd1 Rc3 33. Rd4 Nd7 34.
Bb4 Rb3 35. Bd1 e5 36. Rxd7 Bxd7 37. Bxb3 axb3 38. Ba3 Bf5 39. Ke1 Bc2 40. Kd2
Rd8+ 41. Kc3 Rd3+ 42. Kc4 Rd2 43. Rf1 Bd3+ 44. Kc3 Bxf1 45. Kxd2 Bxg2 46. Kc3
Bd5 47. c6 Bxc6 48. Kxb3 Bf3 49. Kc3 f5 50. Bd6 e4 51. Kd4 Kf7 52. Ke5 Bg4 53.
Bc7 Kg6 54. Bd6 Kh5 55. Bf8 g6 56. Kf4 Bh3 57. Bg7 Bg2 58. Bf8 Bh1 59. Bg7 Bg2
60. Bf8 Bh3 61. Bg7 g5+ 62. Ke5 Kg6 63. Bf8 Bf1 64. Be7 Bg2 65. Bf8 Bh3 66. Be7
h5 67. Bd8 Bg2 68. Be7 h4 1/2-1/2

[Event "24th Dubai Open A 2024"]
[Site "Dubai UAE"]
[Date "2024.05.26"]
[Round "2.31"]
[White "Grivas, Efstratios"]
[Black "Rayes, Abdul Kader"]
[Result "1/2-1/2"]
[WhiteTitle "GM"]
[WhiteElo "2396"]
[BlackElo "2067"]
[WhiteFideId "4200039"]
[BlackFideId "7600801"]
[EventDate "2024.05.25"]

1. d4 Nf6 2. Nf3 d5 3. Bg5 c6 4. Bxf6 exf6 5. Nbd2 Bd6 6. e3 h5 7. h4 Be6 8. a3
b5 9. e4 a6 10. exd5 cxd5 11. Bd3 Nc6 12. c3 Qe7 13. O-O O-O 14. Re1 Qd7 15. Qc2
Rfe8 16. Re2 Na5 17. b4 Nc4 18. Nb3 Bg4 19. Rxe8+ Rxe8 20. Nh2 Bxh2+ 21. Kxh2
Qd6+ 22. Kg1 Qf4 23. Qc1 Qxc1+ 24. Rxc1 Nxa3 25. Nc5 Bc8 26. Ra1 Nc4 27. Nxa6
Bxa6 28. Rxa6 Re1+ 29. Kh2 Kf8 30. Ra8+ Ke7 31. Rb8 Rc1 32. Rxb5 Rxc3 33. Be2
Rc2 34. Bxh5 Nd6 35. Rxd5 Rxf2 36. Ra5 Rf4 37. Ra7+ Ke8 38. Bf3 Rxd4 39. Bc6+
Kf8 40. Rd7 Rxh4+ 41. Kg1 Nf5 42. b5 Rb4 43. Rb7 Nd4 44. Bd7 Ke7 45. b6 Kd6 46.
Be8 Kc5 47. Rxf7 Rxb6 48. Rxg7 Kd6 49. Bh5 Ke5 50. Kh2 Rb8 51. Re7+ Kd6 52. Rh7
Ke5 53. Kh3 Rb3+ 54. Kh2 Rb8 55. Bf7 Rb7 56. Rh5+ f5 57. Bc4 Rc7 58. Bd3 Rc3 59.
Bxf5 Nxf5 60. g4 Rf3 61. Rxf5+ Rxf5 62. gxf5 Kxf5 1/2-1/2

[Event "24th Dubai Open A 2024"]
[Site "Dubai UAE"]
[Date "2024.05.26"]
[Round "2.32"]
[White "Laddha, Shubh Jayesh"]
[Black "Poormosavi, Seyed Kian"]
[Result "0-1"]
[WhiteTitle "FM"]
[BlackTitle "IM"]
[WhiteElo "2324"]
[BlackElo "2388"]
[WhiteFideId "30942799"]
[BlackFideId "12585807"]
[EventDate "2024.05.25"]

1. e4 c5 2. Nf3 Nc6 3. d4 cxd4 4. Nxd4 Nf6 5. Nc3 e5 6. Ndb5 d6 7. Bg5 a6 8. Na3
b5 9. Nab1 Be7 10. Bxf6 Bxf6 11. a4 Nd4 12. Bd3 b4 13. Nd5 Rb8 14. O-O O-O 15.
b3 a5 16. Bc4 Be6 17. c3 Bxd5 18. Bxd5 bxc3 19. Nxc3 Qd7 20. Bc4 Bd8 21. Nd5 Bb6
22. Nxb6 Rxb6 23. f4 Kh8 24. Kh1 f6 25. Qd3 Rfb8 26. Rab1 Qg4 27. h3 Qh5 28. Kh2
Rb4 29. f5 Qg5 30. Rf2 Rc8 31. Rd1 Rc5 32. Re1 Qh5 33. Qg3 Qe8 34. Rd2 Qb8 35.
Red1 Rc6 36. Rxd4 exd4 37. Rxd4 Rbb6 38. Be6 Rc5 39. Bc4 Qd8 40. Qh4 Re5 41. Qg3
Rc6 42. Qd3 Qc7 43. Bd5 Rc1 44. Qa6 Re8 45. Qd3 Qc5 46. h4 Rb8 47. h5 Rb4 48.
Bc4 Qe5+ 49. g3 Rb6 50. Qd2 Rc2 51. Qxc2 Qxd4 52. Qe2 Rb7 53. Qf3 Re7 54. Bd5
Qd2+ 55. Kh3 Qg5 56. Kg2 Qd2+ 57. Kh3 Qc1 58. Kg2 Rc7 59. Bc4 Qb2+ 60. Kh3 Qe5
61. Qd3 g6 62. hxg6 hxg6 63. fxg6 Kg7 64. Kg2 Rc5 65. Qf3 Qb2+ 66. Kh3 Qe5 67.
Kg2 Rc7 68. Qg4 Re7 69. Bd5 Qb2+ 70. Kf3 Qc3+ 71. Ke2 Qc2+ 72. Ke3 Qc1+ 73. Ke2
Qg5 74. Qh3 Kxg6 75. Be6 Qh5+ 76. Kd3 Qxh3 77. Bxh3 Kg5 78. Kd4 Re5 79. Bd7 Rc5
80. Be6 Kh5 81. Bf5 Kh6 82. Kd3 Kg7 83. Be6 Kf8 84. Kd4 Ke7 85. Bd5 Kd7 86. g4
Ke7 87. Ke3 Rc1 88. Kf4 Rf1+ 89. Ke3 Kd7 90. Bc4 Rg1 91. Kf4 Kc6 92. Kf5 Kc5 93.
Kxf6 Rxg4 94. Bd5 Rh4 95. Kf5 Rh5+ 96. Kf4 Kb4 97. Bc4 Kc3 98. Kg4 Rc5 99. Kf4
Rh5 100. Kg4 Re5 101. Kf4 Kd4 102. Bd5 Re8 103. Kf5 Re7 104. Be6 Rh7 105. Bc4
Rh3 106. Ke6 Kc5 107. Kf5 Rh8 108. Kf4 Kd4 109. Kf5 Rh5+ 110. Ke6 Kc5 111. Kd7
Re5 112. Bd5 Rxd5 113. exd5 Kxd5 114. b4 axb4 115. a5 Kc5 0-1

[Event "24th Dubai Open A 2024"]
[Site "Dubai UAE"]
[Date "2024.05.26"]
[Round "2.33"]
[White "Heinemann, Josefine"]
[Black "Lee, Junhyeok"]
[Result "1/2-1/2"]
[WhiteTitle "WGM"]
[BlackTitle "IM"]
[WhiteElo "2303"]
[BlackElo "2381"]
[WhiteFideId "12900460"]
[BlackFideId "13202340"]
[EventDate "2024.05.25"]

1. e4 g6 2. d4 Bg7 3. Nc3 d6 4. Nf3 Nf6 5. Be2 O-O 6. O-O a6 7. a4 Nc6 8. h3 e6
9. Bg5 h6 10. Be3 b6 11. Qd2 Kh7 12. Rad1 Ne7 13. e5 Nfd5 14. Nxd5 Nxd5 15. c4
Nxe3 16. Qxe3 Bb7 17. h4 dxe5 18. dxe5 Qe7 19. h5 Rad8 20. Rxd8 Rxd8 21. hxg6+
fxg6 22. Rd1 Rxd1+ 23. Bxd1 Qb4 24. b3 Qa3 25. Nh4 Qe7 26. Nf3 Qc5 27. Qxc5 bxc5
28. Bc2 Bxf3 29. gxf3 Bxe5 30. a5 Bc3 31. Be4 Bxa5 32. Bb7 g5 33. Bc8 Kg6 34.
Bxe6 Bd2 35. Bc8 a5 36. Kf1 h5 37. Ke2 Bf4 38. Kd3 Kf6 39. Bd7 Ke5 40. Be8 h4
41. Bd7 Bc1 42. Bh3 Bb2 43. Bd7 Bd4 44. Ke2 Bc3 45. Kd3 Bd4 46. Ke2 Bc3 47. Kd3
Bd4 1/2-1/2

[Event "24th Dubai Open A 2024"]
[Site "Dubai UAE"]
[Date "2024.05.26"]
[Round "2.34"]
[White "Ahmad, Al Khatib"]
[Black "Ali, Abdulaziz"]
[Result "1-0"]
[WhiteTitle "GM"]
[WhiteElo "2380"]
[BlackElo "1995"]
[WhiteFideId "8103178"]
[BlackFideId "9304347"]
[EventDate "2024.05.25"]

1. e4 e5 2. Nf3 Nc6 3. Nc3 Nf6 4. Bb5 Bb4 5. O-O O-O 6. Bxc6 dxc6 7. d3 Re8 8.
h3 h6 9. Ne2 Nh5 10. g4 Qf6 11. Kg2 Nf4+ 12. Nxf4 exf4 13. e5 Rxe5 14. Nxe5 Qxe5
15. Qf3 Bd6 16. Bd2 Qxb2 17. Bxf4 Qxc2 18. Bxd6 cxd6 19. Rfc1 Qb2 20. Qf4 Qa3
21. Rab1 Be6 22. Rxb7 Qxd3 23. Qe3 Qd5+ 24. Kg1 Qxa2 25. Rcb1 Qc2 26. Qf4 Bd5
27. R7b2 Qe4 28. Rb8+ Rxb8 29. Rxb8+ Kh7 30. Qxe4+ Bxe4 31. Ra8 c5 32. Rxa7 f6
33. Kh2 c4 34. Rc7 d5 35. Kg3 Bd3 36. Rd7 Kg6 37. Rxd5 Be4 38. Rc5 Bd3 39. f4
Kh7 40. f5 h5 41. gxh5 Kh6 42. Kh4 c3 43. Rxc3 Bxf5 44. Rc5 Be4 45. Rc8 Kh7 46.
Kg4 Bd3 47. Re8 Bb5 48. Rb8 Be2+ 49. Kh4 Bf3 50. Rb3 Be2 51. Re3 Bd1 52. Re1 Bf3
53. Rc1 Be2 54. Rc2 Bf3 55. Rc3 Be2 56. Rc5 Kh6 57. Ra5 Bf3 58. Rb5 Be2 59. Rc5
Bf3 60. Rc8 Kh7 61. Rd8 Be2 62. Rd4 Kh6 63. Rd5 Bf3 64. Rc5 Be2 65. Ra5 Bf3 66.
Rb5 Be2 67. Rd5 Bf3 68. Rd8 Kh7 69. Rf8 Be2 70. h6 Kxh6 71. Kg3 Bd3 72. Kf4 Bc2
73. Rc8 Bd3 74. Re8 Bc2 75. Re2 Bd3 76. Rd2 Bb1 77. Rg2 Bd3 78. Ke3 Bf5 79. Rf2
Bb1 80. Rf1 Bc2 81. Rc1 Bf5 82. Rg1 Bc2 83. Kd4 Bf5 84. h4 g5 85. hxg5+ fxg5 86.
Ke5 Bh7 87. Kf6 Bg6 88. Rxg5 Bf7 89. Rg2 1-0

[Event "24th Dubai Open A 2024"]
[Site "Dubai UAE"]
[Date "2024.05.27"]
[Round "3.1"]
[White "Sadhwani, Raunak"]
[Black "Dai, Changren"]
[Result "1/2-1/2"]
[WhiteTitle "GM"]
[BlackTitle "GM"]
[WhiteElo "2654"]
[BlackElo "2510"]
[WhiteFideId "35093487"]
[BlackFideId "8608156"]
[EventDate "2024.05.25"]

1. e4 e5 2. Nf3 Nc6 3. Bc4 Bc5 4. d3 Nf6 5. O-O d6 6. c3 O-O 7. Re1 a5 8. h3 Be6
9. Bxe6 fxe6 10. Be3 Bxe3 11. Rxe3 h6 12. Nbd2 a4 13. a3 Nd7 14. Nf1 d5 15. d4
exd4 16. cxd4 Nf6 17. Ng3 dxe4 18. Nxe4 Nxe4 19. Rxe4 Qd5 20. Qe2 Rf6 21. Rc1
Raf8 22. Qe3 Qa2 23. Rc2 Rf5 24. Re2 Qd5 25. Rg4 R8f6 26. Nh4 Rg5 27. Re4 Qd6
28. f4 Rb5 29. Nf3 Rb3 30. Qd2 Ne7 31. Rf2 Nf5 32. Qc1 Rf8 33. Kh2 c6 34. Qc5
Rb5 35. Qc4 Qd5 36. Qd3 Rb3 37. Qb1 Re3 38. Rxe3 Nxe3 39. Re2 Nc4 40. Qc1 b5 41.
Kg3 Qf5 42. Ne5 Nxe5 43. Rxe5 Qd3+ 44. Qe3 Qxe3+ 45. Rxe3 Rd8 46. Re4 Kf7 47.
Kf3 Rb8 48. Re3 1/2-1/2

[Event "24th Dubai Open A 2024"]
[Site "Dubai UAE"]
[Date "2024.05.27"]
[Round "3.2"]
[White "Aronyak, Ghosh"]
[Black "Sanal, Vahap"]
[Result "1-0"]
[WhiteTitle "IM"]
[BlackTitle "GM"]
[WhiteElo "2528"]
[BlackElo "2566"]
[WhiteFideId "25072846"]
[BlackFideId "6300545"]
[EventDate "2024.05.25"]

1. Nf3 d5 2. d4 c6 3. Bf4 Bf5 4. e3 e6 5. c4 Bd6 6. Bg3 Bxg3 7. hxg3 Qb6 8. Qd2
Nf6 9. Nc3 Nbd7 10. Nh4 h5 11. Nxf5 exf5 12. Bd3 g6 13. O-O-O Qc7 14. cxd5 cxd5
15. Kb1 a6 16. g4 fxg4 17. f3 gxf3 18. gxf3 b5 19. e4 Nb6 20. Rc1 Qe7 21. Rhe1
O-O 22. e5 Nh7 23. Rh1 Nc4 24. Bxc4 dxc4 25. Rcg1 Kh8 26. Nd5 Qe6 27. Qh6 1-0

[Event "24th Dubai Open A 2024"]
[Site "Dubai UAE"]
[Date "2024.05.27"]
[Round "3.3"]
[White "Erdogmus, Yagiz Kaan"]
[Black "Hakobyan, Erik"]
[Result "1-0"]
[WhiteTitle "IM"]
[BlackTitle "FM"]
[WhiteElo "2553"]
[BlackElo "2335"]
[WhiteFideId "44599790"]
[BlackFideId "13313940"]
[EventDate "2024.05.25"]

1. d4 Nf6 2. Nc3 d5 3. Bf4 c5 4. e4 Nxe4 5. Nxe4 dxe4 6. dxc5 Qa5+ 7. c3 Qxc5 8.
Qa4+ Nc6 9. Qxe4 g6 10. Be3 Qa5 11. Bc4 Bg7 12. Nf3 Bf5 13. Qd5 O-O 14. O-O Qc7
15. Rfd1 Rac8 16. Bb3 b6 17. h3 Qb8 18. g4 Be6 19. Qe4 Bxb3 20. axb3 Qc7 21. b4
a5 22. Rac1 a4 23. Rd5 Ra8 24. Rcd1 a3 25. bxa3 Rxa3 26. Rd7 Qc8 27. b5 Na5 28.
Qxe7 Qxc3 29. Rd8 Ra1 30. Rxa1 Qxa1+ 31. Kg2 Nb3 32. Ne5 1-0

[Event "24th Dubai Open A 2024"]
[Site "Dubai UAE"]
[Date "2024.05.27"]
[Round "3.4"]
[White "Can, Emre"]
[Black "Sultan, Ibrahim"]
[Result "1/2-1/2"]
[WhiteTitle "GM"]
[BlackTitle "IM"]
[WhiteElo "2549"]
[BlackElo "2171"]
[WhiteFideId "6302181"]
[BlackFideId "9301143"]
[EventDate "2024.05.25"]

1. e4 e5 2. Nf3 Nc6 3. Bb5 a6 4. Ba4 Nf6 5. O-O b5 6. Bb3 Nxe4 7. d4 d5 8. dxe5
Be6 9. c3 Be7 10. Nbd2 Nc5 11. Bc2 d4 12. cxd4 Nxd4 13. Nxd4 Qxd4 14. Nf3 Qxd1
15. Rxd1 Rd8 16. Nd4 Bg4 17. f3 Ne6 18. Nxe6 Rxd1+ 19. Bxd1 Bxe6 20. Be3 O-O 21.
a4 Rb8 22. axb5 Rxb5 23. Rxa6 g5 24. Rc6 Rxe5 25. Kf2 Bd6 26. Be2 Bd7 27. Rc3 h6
28. g3 Ra5 29. Rb3 Ra8 30. Bc4 Ba4 31. Rd3 Rb8 32. b3 Bb5 33. Rd2 Kf8 34. h4 Be7
35. h5 Bxc4 36. bxc4 Rb4 37. Rc2 f5 38. Ke2 Bd6 39. g4 fxg4 40. fxg4 Rb3 41. c5
Be5 42. Rc4 Kf7 43. Ra4 Ke6 44. Ra6+ Kd5 45. Rxh6 Ke4 46. Bd2 Rg3 47. Re6 Rg2+
48. Kd1 Rxg4 49. Bc3 Kd3 50. Rxe5 Kxc3 51. Re3+ Kc4 52. Rh3 Rd4+ 53. Ke2 Kxc5
54. h6 Rd8 55. Rg3 Rh8 56. Rxg5+ Kd4 57. Rh5 Ke4 58. Kd2 1/2-1/2

[Event "24th Dubai Open A 2024"]
[Site "Dubai UAE"]
[Date "2024.05.27"]
[Round "3.5"]
[White "Indjic, Aleksandar"]
[Black "Dimakiling, Oliver"]
[Result "1/2-1/2"]
[WhiteTitle "GM"]
[BlackTitle "IM"]
[WhiteElo "2603"]
[BlackElo "2425"]
[WhiteFideId "911925"]
[BlackFideId "5202248"]
[EventDate "2024.05.25"]

1. d4 Nf6 2. c4 d6 3. Nf3 Nbd7 4. Nc3 e5 5. Bg5 h6 6. Bh4 g5 7. Bg3 Nh5 8. e3
Bg7 9. Qc2 Nxg3 10. hxg3 g4 11. Nh4 exd4 12. Nf5 dxc3 13. Nxg7+ Kf8 14. Qxc3 Qf6
15. Qxf6 Nxf6 16. Nh5 Nxh5 17. Rxh5 Be6 18. Bd3 Kg7 19. Kd2 Raf8 20. b4 f5 21.
f4 Rf6 22. Kc3 Re8 23. Re1 b6 24. b5 c6 25. bxc6 Rc8 26. e4 Rxc6 27. Kd4 fxe4
28. Rxe4 Rc5 29. Rxc5 bxc5+ 30. Kc3 Kf8 31. f5 Bd7 32. Rxg4 Bc6 33. Kd2 Bxg2 34.
Ke3 d5 35. cxd5 Bxd5 36. Ra4 c4 37. Bc2 a6 38. Ra5 Bf7 39. Rc5 Rb6 40. a4 Ke7
41. a5 Rb2 42. Rc7+ Kf6 43. Kd2 Bd5 44. Kc3 Ra2 45. Rh7 Ke5 46. Re7+ Kd6 47. Rh7
Ke5 48. Re7+ 1/2-1/2

[Event "24th Dubai Open A 2024"]
[Site "Dubai UAE"]
[Date "2024.05.27"]
[Round "3.6"]
[White "Ivic, Velimir"]
[Black "Srihari, L R"]
[Result "1-0"]
[WhiteTitle "GM"]
[BlackTitle "IM"]
[WhiteElo "2595"]
[BlackElo "2485"]
[WhiteFideId "950122"]
[BlackFideId "46617116"]
[EventDate "2024.05.25"]

1. e4 c6 2. d4 d5 3. e5 Bf5 4. h4 h5 5. Bd3 Bxd3 6. Qxd3 Qa5+ 7. c3 Qa6 8. Qf3
e6 9. b4 Qa4 10. Ne2 a5 11. bxa5 Rxa5 12. O-O Qc2 13. a4 Rxa4 14. Na3 Qe4 15.
Qxe4 dxe4 16. c4 Ne7 17. Nc3 Ra7 18. Bg5 Nf5 19. Nc2 Na6 20. Nxe4 Be7 21. c5 Kd7
22. Bxe7 Kxe7 23. Nd6 Rha8 24. Rfb1 Nxd6 25. exd6+ Kd8 26. Ra3 e5 27. Rba1 exd4
28. Nxd4 Kd7 29. Nf5 Re8 30. Nxg7 Re5 31. Rf3 Rxc5 32. Re1 Kxd6 33. Ne8+ Kd5 34.
Rxf7 Kd4 35. Nd6 Rc2 36. Nxb7 Kc3 37. Rb1 Rb2 38. Rf3+ Kc2 39. Rxb2+ Kxb2 40.
Na5 c5 41. Nc4+ Kc2 42. Ra3 Ra8 43. g4 hxg4 44. h5 Rh8 45. Rxa6 Rxh5 46. Ne3+
Kd2 47. Ra4 g3 48. Nf1+ Kd3 49. Nxg3 Rh8 50. Ra3+ Kc4 51. Ne4 Kb4 52. Ra1 c4 53.
Rb1+ Ka3 54. f3 Rd8 55. Kf2 Rd4 56. Ke2 Rd8 57. Rb7 Re8 58. Kd2 Rd8+ 59. Kc2 Rf8
60. Nd2 1-0

[Event "24th Dubai Open A 2024"]
[Site "Dubai UAE"]
[Date "2024.05.27"]
[Round "3.7"]
[White "Muthaiah, AL"]
[Black "Jumabayev, Rinat"]
[Result "0-1"]
[WhiteTitle "IM"]
[BlackTitle "GM"]
[WhiteElo "2493"]
[BlackElo "2595"]
[WhiteFideId "5092442"]
[BlackFideId "13702661"]
[EventDate "2024.05.25"]

1. d4 Nf6 2. Nf3 e6 3. Bf4 c5 4. e3 cxd4 5. exd4 b6 6. c3 Be7 7. h3 O-O 8. Nbd2
Ba6 9. Be2 d6 10. O-O Qc7 11. Re1 Bxe2 12. Qxe2 Nbd7 13. a4 a6 14. Qc4 Qb7 15.
Qb3 d5 16. Ne5 Nxe5 17. Bxe5 Nd7 18. Bg3 b5 19. Ra2 b4 20. Raa1 Rac8 21. Rec1
Qa7 22. Nf3 a5 23. cxb4 Bxb4 24. Qd3 Nf6 25. Rc2 Ne4 26. Bf4 Rxc2 27. Qxc2 Bd6
28. Bxd6 Nxd6 29. Rc1 h6 30. Qc5 Qb8 31. Qxa5 Qxb2 32. Qc3 Qxc3 33. Rxc3 Ra8 34.
Ra3 f6 35. Ra2 Kf7 36. a5 Nb5 37. a6 Ke7 38. Rb2 Nd6 39. Ra2 Nb5 40. Ra5 Na7 41.
Kf1 Kd6 42. Ke2 Nc6 43. Ra4 Kc7 44. Nd2 Nb8 45. a7 Nc6 46. Nb3 Rxa7 47. Rxa7+
Nxa7 48. f4 Nb5 49. Ke3 Kd6 50. Na5 Kd7 51. Nb7 Nd6 52. Nc5+ Ke7 53. g4 Nc4+ 54.
Ke2 g5 55. Nd3 Kd6 56. Kf3 Nd2+ 57. Ke3 Nc4+ 58. Ke2 Na5 59. Ke3 Nc6 60. fxg5
hxg5 61. Ne1 Ne7 62. Kf2 Ng6 63. Kg3 Kc6 64. Nd3 Kb5 65. Nc5 Nf8 66. h4 gxh4+
67. Kxh4 Kc4 68. g5 fxg5+ 69. Kxg5 Kxd4 70. Nb3+ Ke5 71. Kg4 Ke4 72. Kg5 d4 73.
Kf6 d3 74. Ke7 Ke3 75. Kxf8 d2 76. Nxd2 Kxd2 77. Ke7 e5 78. Kd6 e4 0-1

[Event "24th Dubai Open A 2024"]
[Site "Dubai UAE"]
[Date "2024.05.27"]
[Round "3.8"]
[White "Balajayeva, Khanim"]
[Black "Sethuraman, S.P."]
[Result "0-1"]
[WhiteTitle "IM"]
[BlackTitle "GM"]
[WhiteElo "2376"]
[BlackElo "2588"]
[WhiteFideId "13406396"]
[BlackFideId "5021596"]
[EventDate "2024.05.25"]

1. e4 c5 2. Nf3 Nc6 3. Bb5 Nf6 4. Bxc6 dxc6 5. d3 Qc7 6. O-O e5 7. Nbd2 Bg4 8.
Nc4 Nd7 9. a4 b6 10. h3 Bh5 11. Bd2 f6 12. Ne3 a5 13. Qe2 Bd6 14. Nf5 Nf8 15.
Qe3 Ne6 16. N3h4 Bf8 17. Ng3 Bf7 18. Ne2 g6 19. g3 O-O-O 20. Ng2 c4 21. Ne1 Ng5
22. g4 h5 23. Qg3 Nxe4 24. dxe4 Rxd2 25. Qf3 hxg4 26. hxg4 Be6 27. Ng3 Qh7 28.
Qg2 Bxg4 0-1

[Event "24th Dubai Open A 2024"]
[Site "Dubai UAE"]
[Date "2024.05.27"]
[Round "3.9"]
[White "Moroni, Luca Jr"]
[Black "Gholami Orimi, Mahdi"]
[Result "1/2-1/2"]
[WhiteTitle "GM"]
[BlackTitle "IM"]
[WhiteElo "2580"]
[BlackElo "2470"]
[WhiteFideId "865834"]
[BlackFideId "12558486"]
[EventDate "2024.05.25"]

1. Nf3 d5 2. g3 c5 3. Bg2 Nc6 4. d4 Nf6 5. O-O e6 6. c4 dxc4 7. Ne5 Bd7 8. Nxc4
cxd4 9. Bf4 Nd5 10. Nd6+ Bxd6 11. Bxd6 Nde7 12. Nd2 O-O 13. Qb3 Bc8 14. Ba3 e5
15. Rac1 Re8 16. Ne4 Nf5 17. Nc5 Nd6 18. e3 e4 19. exd4 Nxd4 20. Qd1 Qf6 21. Re1
Bf5 22. g4 Nf3+ 23. Bxf3 exf3 24. Qxf3 Qg6 25. h3 h5 26. Qg3 hxg4 27. hxg4 Bxg4
28. f3 Bxf3 29. Qxg6 fxg6 30. Ne6 Nb5 31. Bb4 Bd5 32. a4 a5 33. axb5 Bxe6 34.
Bc3 Bd7 35. Rxe8+ Rxe8 36. Re1 Rxe1+ 37. Bxe1 a4 38. b6 Kf7 39. Bc3 g5 40. Kf2
g6 41. Kg3 Ke7 42. Bd2 g4 43. Be3 Kd6 44. Bg1 Kd5 45. Be3 Kc4 46. Bg1 Kb3 47.
Bd4 Be6 48. Be5 1/2-1/2

[Event "24th Dubai Open A 2024"]
[Site "Dubai UAE"]
[Date "2024.05.27"]
[Round "3.10"]
[White "Li, Di"]
[Black "Zhao, Yuanhe"]
[Result "1/2-1/2"]
[WhiteTitle "GM"]
[BlackTitle "IM"]
[WhiteElo "2563"]
[BlackElo "2463"]
[WhiteFideId "8607508"]
[BlackFideId "8609497"]
[EventDate "2024.05.25"]

1. e4 e5 2. Nc3 Nf6 3. Bc4 Nc6 4. d3 Na5 5. Bb3 Nxb3 6. axb3 d5 7. Nf3 dxe4 8.
Nxe5 exd3 9. O-O Be7 10. Nxd3 Bg4 11. Qe1 O-O 12. h3 Bf5 13. Qe3 Bxd3 14. Rd1
Re8 15. Qxd3 Qxd3 16. Rxd3 a6 17. Bf4 c6 18. Bc7 Bd8 19. Bd6 Be7 20. Bc7 Bd8 21.
Bd6 Be7 22. Bc7 Bd8 23. Bd6 Be7 1/2-1/2

[Event "24th Dubai Open A 2024"]
[Site "Dubai UAE"]
[Date "2024.05.27"]
[Round "3.11"]
[White "Sanikidze, Tornike"]
[Black "Muradli, Mahammad"]
[Result "0-1"]
[WhiteTitle "GM"]
[BlackTitle "GM"]
[WhiteElo "2453"]
[BlackElo "2560"]
[WhiteFideId "13602608"]
[BlackFideId "13409301"]
[EventDate "2024.05.25"]

1. d4 Nf6 2. c4 e6 3. Nf3 d5 4. Nc3 c5 5. cxd5 Nxd5 6. e3 Nc6 7. Bd3 Be7 8. O-O
O-O 9. a3 cxd4 10. exd4 Bf6 11. Be4 Nce7 12. Qd3 g6 13. Bh6 Re8 14. Rfe1 b6 15.
Ne5 Bb7 16. Ng4 Bg7 17. Qh3 f5 18. Bxg7 fxg4 19. Qh6 Nf5 20. Bxf5 exf5 21. Rxe8+
Qxe8 22. Nxd5 Bxd5 23. Be5 Qf8 24. Qg5 Qd8 25. Qh6 Qf8 26. Qf4 h6 27. Rc1 g5 28.
Qd2 Rc8 29. Rc3 Rxc3 30. Qxc3 Qf7 31. Qc8+ Kh7 32. Kf1 Kg6 33. g3 Be6 34. Qc6
Kh5 35. Ke1 Bd5 36. Qc8 Be6 37. Qc7 Qe8 38. Qxa7 Qc6 39. Qc7 Qh1+ 40. Ke2 Qb1
41. Qc3 Bd5 42. Kd2 Qg1 43. Qe3 Qxh2 44. Bh8 Kg6 45. Kc3 Qh1 46. Kb4 Qf1 47. b3
Qa6 48. Qe8+ Bf7 49. Qe5 Qa5+ 50. Qxa5 bxa5+ 51. Kxa5 f4 52. Be5 Kf5 53. Bc7 h5
54. Bd8 h4 55. gxh4 g3 56. fxg3 f3 0-1

[Event "24th Dubai Open A 2024"]
[Site "Dubai UAE"]
[Date "2024.05.27"]
[Round "3.12"]
[White "Ioannidis, Evgenios"]
[Black "Ezat, Mohamed"]
[Result "0-1"]
[WhiteTitle "GM"]
[BlackTitle "IM"]
[WhiteElo "2518"]
[BlackElo "2340"]
[WhiteFideId "4229274"]
[BlackFideId "10600906"]
[EventDate "2024.05.25"]

1. Nf3 Nf6 2. c4 g6 3. d4 Bg7 4. g3 O-O 5. Bg2 d6 6. Nc3 Nc6 7. O-O Bd7 8. b3 e5
9. dxe5 dxe5 10. Ba3 Re8 11. Nd2 Qc8 12. Nd5 Rd8 13. Ne7+ Nxe7 14. Bxe7 Re8 15.
Bxf6 Bxf6 16. Ne4 Be7 17. Qd5 Bd8 18. Qd2 Bc6 19. Qh6 Qf5 20. Qe3 Be7 21. Nc3
Bg5 22. Qc5 e4 23. Qxf5 gxf5 24. Rad1 Rad8 25. e3 Kg7 26. Bh3 Bd7 27. Ne2 Kg6
28. Rd5 Be6 29. Ra5 b6 30. Rxa7 c5 31. Rb7 Rd2 32. Nc3 Bf6 33. Na4 Rxa2 34. Rxb6
Bxc4 35. Rc1 Be2 36. Nc3 Ra6 37. Rxf6+ Kxf6 38. Nxe2 Ra2 39. Nc3 Rb2 40. Nd5+
Kg5 41. Rxc5 Rb1+ 42. Kg2 Re5 43. Nc3 Rxc5 44. Nxb1 h5 45. Na3 h4 46. b4 Rc3 47.
Nb5 Rb3 48. Nd4 Rxb4 49. Bxf5 hxg3 50. Kxg3 0-1

[Event "24th Dubai Open A 2024"]
[Site "Dubai UAE"]
[Date "2024.05.27"]
[Round "3.13"]
[White "Wang, Yanbin"]
[Black "Mendonca, Leon Luke"]
[Result "1/2-1/2"]
[BlackTitle "GM"]
[WhiteElo "2415"]
[BlackElo "2640"]
[WhiteFideId "8617996"]
[BlackFideId "35028561"]
[EventDate "2024.05.25"]

1. d4 Nf6 2. c4 e6 3. g3 d5 4. Bg2 Bb4+ 5. Bd2 a5 6. Qc2 O-O 7. Nf3 c6 8. O-O
Bd6 9. Nc3 dxc4 10. e4 Be7 11. e5 Nd5 12. Ne4 b5 13. Neg5 g6 14. Ne4 Na6 15. Bh6
Re8 16. h4 c5 17. Bg5 Qc7 18. Bxe7 Qxe7 19. Nd6 Rd8 20. a4 bxa4 21. Qxa4 cxd4
22. Nxd4 Nab4 23. Nc6 Nxc6 24. Qxc6 Qa7 25. Ra3 Rb8 26. h5 Qd4 27. Bxd5 Qxd5 28.
Qc7 Bd7 29. Rxa5 Qf3 30. Rc5 gxh5 31. Rxc4 Rbc8 32. Nxc8 Rxc8 33. Rc3 Rxc7 34.
Rxf3 Rb7 35. Rb1 Bc6 36. Re3 Rb4 37. f3 Kg7 38. b3 Kg6 39. Kf2 Kg5 40. Ke2 h4
41. gxh4+ Rxh4 42. Rg1+ Kf5 43. Rg7 Be8 44. Kf2 h5 45. Rg8 Bc6 46. Rf8 Kg6 47.
Kg3 Rd4 48. Rc3 Bd5 49. Rb8 Kf5 50. Rc7 Kxe5 51. Rxf7 h4+ 52. Kf2 Rd3 53. b4 Rb3
54. Kg2 h3+ 55. Kg3 h2 56. Kxh2 Bxf3 57. b5 Bd5 58. b6 Be4 59. b7 Bd5 60. Rh7
Rb2+ 61. Kg1 Rb3 62. Kf2 Rf3+ 63. Ke2 Rb3 64. Kd2 Rb2+ 65. Kc1 Rb3 66. Kc2 Rb6
67. Rd7 Bc6 68. Rg7 Bd5 69. Kc3 Rb3+ 70. Kd2 Rb2+ 71. Ke3 Rb3+ 72. Kd2 Rb2+ 73.
Kc3 Rb3+ 74. Kc2 Rb6 75. Rf7 Rb5 76. Kd2 Rb2+ 77. Ke3 Rb3+ 78. Kf2 Be4 79. Re7
Bd5 80. Rh7 Rf3+ 81. Kg1 Rg3+ 82. Kh2 Rb3 83. Rd7 Bc6 84. Rc7 Be4 85. Rg7 Bd5
86. Rg5+ Kd4 87. Rg7 Ke5 88. Re7 Kd6 89. Rh7 Ke5 90. Rh5+ Kd4 91. Rh7 1/2-1/2